| 000 | 00647nam a2200169 a 4500 | ||
|---|---|---|---|
| 005 | 20140412111416.0 | ||
| 008 | 070814s19uu xx 00 eng d | ||
| 020 | _a0-43927149-5 | ||
| 050 |
_aTR(PS E _bDo67 2000 |
||
| 100 | _aCarle, Eric | ||
| 245 |
_aDoes a kangaroo have a mother too? / _cEric Carle. |
||
| 260 |
_aNew York : _bHarperCollins, _c2000. |
||
| 300 | _a1v. (unpaged) | ||
| 520 | _aPresents the nam,es of animal babies, parents, and groups, for example, a baby kangaroo is a joey, it.s mother is a flyer, its father is a boomer, and a group of kangarooos is a troop, mob,or herd. | ||
| 650 |
_aAnimals _xInfancy |
||
| 999 |
_c105838 _d105838 |
||